Classement du Ballon d'or 2013 - Statistiques

Statistiques générales
  • Ce quiz a été pris 533 fois
  • Le résultat moyen est 20 sur 23
Statistiques - réponses
Classement Joueur Club du joueur Nationalité % Correct
1 Cristiano Ronaldo Real Madrid Portugal
100%
2 Lionel Messi FC Barcelone Argentine
100%
5 Neymar Jr Santos FC / FC Barcelone Brésil
99%
4 Zlatan Ibrahimovic Paris Saint-Germain Suède
99%
3 Franck Ribéry Bayern Munich France
98%
9 Gareth Bale Tottenham Hotspur / Real Madrid Pays de Galles
97%
6 Andrés Iniesta FC Barcelone Espagne
96%
13 Robert Lewandowski Borussia Dortmund Pologne
94%
15 Xavi FC Barcelone Espagne
93%
20 Edinson Cavani SSC Naples / Paris Saint-Germain Uruguay
92%
8 Arjen Robben Bayern Munich Pays-Bas
91%
22 Eden Hazard Chelsea FC Belgique
90%
19 Luis Suarez Liverpool FC Uruguay
90%
12 Yaya Touré Manchester City Cote d'ivoire
89%
11 Radamel Falcao Atlético Madrid / AS Monaco Colombie
87%
23 Manuel Neuer Bayern Munich Allemagne
85%
18 Thomas Muller Bayern Munich Allemagne
85%
16 Mesut Ozil Real Madrid / Arsenal FC Allemagne
84%
21 Thiago Silva Paris Saint-Germain Brésil
84%
7 Robin Van Persie Manchester United Pays-Bas
81%
14 Philipp Lahm Bayern Munich Allemagne
78%
10 Andrea Pirlo Juventus FC Italie
75%
17 Bastian Schweinsteiger Bayern Munich Allemagne
56%
Aucun quiz correspondant
Distribution des résultats
% des personnes avec chaque résultat
Percentile par nombre de réponses
Votre historique - résultats
Vous n’avez pas pris ce quiz